[Event "BCF-chT4 2223 (4NCL)"]
[Site "England"]
[Date "2023.04.29"]
[Round "9.16"]
[White "Popovic, Dragi"]
[Black "Sloan, Hamish"]
[Result "1-0"]
[WhiteElo "1705"]
[BlackElo "1521"]
[PlyCount "96"]
[EventDate "2022.11.05"]
[EventType "team-swiss"]
[EventRounds "11"]
[EventCountry "ENG"]
[SourceTitle "EXT 2024"]
[Source "ChessBase"]
[SourceDate "2023.10.10"]
[SourceVersion "1"]
[SourceVersionDate "2023.10.10"]
[SourceQuality "1"]
[WhiteTeam "Poole Patzers"]
[BlackTeam "Kingston II"]
[WhiteTeamCountry "ENG"]
[BlackTeamCountry "ENG"]

1. d3 d5 2. c3 c5 3. Qc2 Nc6 4. Nf3 Nf6 5. g3 e6 6. Bg2 Be7 7. 0-0 0-0 8. Nbd2 Bd7 9. e4 dxe4 10. dxe4 Qc7 11. a3 b6 12. h3 h6 13. Nh2 e5 14. Nc4 Be6 15. Ne3 Rad8 16. c4 Nd4 17. Qd1 Nf5 18. Nd5 Nxd5 19. cxd5 Nd4 20. dxe6 Nxe6 21. Qg4 Kh8 22. Qh5 Bg5 23. Bxg5 Nxg5 24. h4 Nh7 25. Ng4 f6 26. Ne3 Qf7 27. Qf3 Rd3 28. Rfd1 Rfd8 29. Rxd3 Rxd3 30. Rd1 Qb3 31. Rxd3 Qxd3 32. Bf1 Qb1 33. Qd1 Qxd1 34. Nxd1 Kg8 35. Nc3 Kf7 36. Nb5 a6 37. Nc7 Ke7 38. Nd5+ Kd6 39. Nxb6 Kc6 40. Na4 a5 41. Nc3 Nf8 42. Bc4 Nd7 43. Bb5+ Kd6 44. Bxd7 Kxd7 45. Kf1 Ke6 46. Ke2 f5 47. Ke3 g5 48. hxg5 hxg5 1-0

[Event "Basingstoke Spring Bank op U1825 2nd"]
[Site "Basingstoke"]
[Date "2019.05.26"]
[Round "5.10"]
[White "Sandercock, E Barry"]
[Black "Sloan, Hamish"]
[Result "0-1"]
[WhiteElo "1650"]
[BlackElo "1506"]
[PlyCount "86"]
[EventDate "2019.05.24"]
[EventType "swiss"]
[EventRounds "7"]
[EventCountry "ENG"]
[SourceTitle "EXT 2023"]
[Source "ChessBase"]
[SourceDate "2022.10.05"]
[SourceVersion "1"]
[SourceVersionDate "2022.10.05"]
[SourceQuality "1"]

1. Nf3 g6 2. e4 d6 3. d3 Bg7 4. g3 c5 5. Bg2 Nc6 6. c3 Nf6 7. 0-0 0-0 8. Nbd2 Nd7 9. Qe2 Qc7 10. a4 a5 11. Nc4 Nde5 12. Ne3 Nxf3+ 13. Bxf3 e6 14. Bg2 b6 15. Ng4 f5 16. Nh6+ Kh8 17. exf5 exf5 18. Bd5 Bb7 19. Qe6 Bxh6 20. Bxh6 Rae8 21. Bxf8 Rxe6 22. Bxe6 Ne5 23. h4 Nf3+ 24. Kh1 Qc6 25. c4 Qc7 26. Bh6 Nd2+ 27. Kh2 Nxf1+ 28. Rxf1 Bc8 29. Bd5 Qe7 30. Bd2 h5 31. Re1 Qd8 32. Bf7 Kg7 33. Re8 Qd7 34. Bc3+ Kxf7 35. Rh8 Qe6 36. Rh7+ Ke8 37. Rh8+ Kd7 38. Rh7+ Kc6 39. d4 Qxc4 40. Rg7 Qf1 41. Rxg6 Qxf2+ 42. Kh1 cxd4 43. Rg8 Bb7 0-1

[Event "BCF-chT4S 1819 (4NCL)"]
[Site "England"]
[Date "2019.01.13"]
[Round "4.105"]
[White "Sloan, Hamish"]
[Black "Woods, Timothy J"]
[Result "1/2-1/2"]
[WhiteElo "1518"]
[BlackElo "1682"]
[PlyCount "50"]
[EventDate "2018.11.17"]
[EventType "team-swiss"]
[EventRounds "11"]
[EventCountry "ENG"]
[SourceTitle "EXT 2021"]
[Source "ChessBase"]
[SourceDate "2020.10.23"]
[SourceVersion "1"]
[SourceVersionDate "2020.10.23"]
[SourceQuality "1"]
[WhiteTeam "The Pitstop"]
[BlackTeam "Sussex Martlets III"]
[WhiteTeamCountry "ENG"]
[BlackTeamCountry "ENG"]

1. e4 d6 2. d4 Nf6 3. Nc3 g6 4. Be3 c6 5. h3 Nbd7 6. Nf3 Bg7 7. Be2 0-0 8. 0-0 Qc7 9. Qd2 b5 10. b4 a5 11. a3 Re8 12. Bh6 e5 13. Bxg7 Kxg7 14. Bd3 Qb6 15. dxe5 dxe5 16. Rfe1 Qc7 17. Qe3 Nf8 18. Nd2 Ne6 19. Nb3 axb4 20. axb4 Rxa1 21. Rxa1 Qe7 22. Nc5 Nxc5 23. Qxc5 Qxc5 24. bxc5 Nd7 25. Nxb5 Nxc5 1/2-1/2

[Event "BCF-chT4S 1819 (4NCL)"]
[Site "England"]
[Date "2018.11.17"]
[Round "1.56"]
[White "Sloan, Hamish"]
[Black "Gnanagurusamy, Ganeshbabu"]
[Result "0-1"]
[WhiteElo "1518"]
[BlackElo "1892"]
[PlyCount "53"]
[EventDate "2018.11.17"]
[EventType "team-swiss"]
[EventRounds "11"]
[EventCountry "ENG"]
[SourceTitle "EXT 2021"]
[Source "ChessBase"]
[SourceDate "2020.10.23"]
[SourceVersion "1"]
[SourceVersionDate "2020.10.23"]
[SourceQuality "1"]
[WhiteTeam "The Pitstop"]
[BlackTeam "Crowthorne"]
[WhiteTeamCountry "ENG"]
[BlackTeamCountry "ENG"]

1. e4 e5 2. Nf3 Nc6 3. Bb5 a6 4. Ba4 Nf6 5. 0-0 Be7 6. Re1 b5 7. Bb3 d6 8. c3 0-0 9. h3 Na5 10. Bc2 c5 11. d4 Qc7 12. d5 c4 13. Be3 Nb7 14. a4 Bd7 15. Nbd2 Nc5 16. Bxc5 Qxc5 17. Nf1 g6 18. Qd2 Rfe8 19. Qe3 Qxe3 20. Rxe3 Nh5 21. g4 Nf4 22. Ng3 Nxh3+ 23. Kh2 Bxg4 24. Ng1 Nf4 25. f3 Bd7 26. N1e2 Bg5 27. Nxf4 0-1

[Event "BCF-chT4S 1718 (4NCL)"]
[Site "England"]
[Date "2018.03.24"]
[Round "7.94"]
[White "Neale, George"]
[Black "Sloan, Hamish"]
[Result "1/2-1/2"]
[WhiteElo "1668"]
[BlackElo "1517"]
[PlyCount "98"]
[EventDate "2017.11.11"]
[EventType "team-swiss"]
[EventRounds "11"]
[EventCountry "ENG"]
[SourceTitle "EXT 2020"]
[Source "ChessBase"]
[SourceDate "2019.10.17"]
[SourceVersion "1"]
[SourceVersionDate "2019.10.17"]
[SourceQuality "1"]
[WhiteTeam "Sussex Martlets III"]
[BlackTeam "The Pitstop"]
[WhiteTeamCountry "ENG"]
[BlackTeamCountry "ENG"]

1. d4 d5 2. c4 c6 3. Nf3 g6 4. Nc3 Bg7 5. cxd5 cxd5 6. Bf4 e6 7. e3 a6 8. Rc1 Nc6 9. Be2 Nge7 10. 0-0 0-0 11. Re1 b5 12. a3 Bb7 13. Na2 Rc8 14. b4 Nf5 15. a4 Nd6 16. axb5 Nxb5 17. Bxb5 axb5 18. Rc5 Na7 19. Qc2 Qd7 20. Rc1 Rc6 21. Rxc6 Qxc6 22. Qxc6 Bxc6 23. Bd6 Rc8 24. Bc5 Ra8 25. Bxa7 Rxa7 26. Rc2 Bd7 27. g3 f6 28. Ne1 Kf7 29. Nd3 Bf8 30. Kf1 Ke7 31. Nc5 Be8 32. Ke2 Kd6 33. Kd2 e5 34. dxe5+ fxe5 35. e4 d4 36. f4 Bh6 37. Nd3 exf4 38. Nxf4 Bxf4+ 39. gxf4 Rf7 40. Kd3 Rxf4 41. Kxd4 Bc6 42. Nc3 Rh4 43. Rf2 Ke6 44. Kc5 Bd7 45. Rd2 Rh5+ 46. Kd4 Bc6 47. Ne2 Rh4 48. Nc3 Bd7 49. Rf2 Bc6 1/2-1/2

[Event "BCF-chT4S 1617 (4NCL)"]
[Site "England"]
[Date "2016.11.27"]
[Round "2.63"]
[White "Sloan, Hamish"]
[Black "Zarev, Dragomir"]
[Result "0-1"]
[WhiteElo "1505"]
[BlackElo "1720"]
[PlyCount "84"]
[EventDate "2016.11.26"]
[EventType "team-swiss"]
[EventRounds "11"]
[EventCountry "ENG"]
[SourceTitle "EXT 2019"]
[Source "ChessBase"]
[SourceDate "2018.10.10"]
[SourceVersion "1"]
[SourceVersionDate "2018.10.10"]
[SourceQuality "1"]
[WhiteTeam "The Pitstop"]
[BlackTeam "Throw in the Tal II"]
[WhiteTeamCountry "ENG"]
[BlackTeamCountry "ENG"]

1. e4 e6 2. d4 d5 3. Nd2 Ne7 4. Ngf3 c5 5. c3 c4 6. exd5 exd5 7. b3 b5 8. a4 bxa4 9. bxc4 Bd7 10. c5 a6 11. c4 Bc6 12. Ne5 dxc4 13. Ndxc4 Nd5 14. Nxc6 Nxc6 15. Qxa4 Qd7 16. Bd2 Be7 17. Ne3 0-0 18. Nxd5 Qxd5 19. Be3 Bf6 20. Rd1 Rfe8 21. Qc4 Qxc4 22. Bxc4 Nxd4 23. 0-0 Nc2 24. Bf4 Nd4 25. Rfe1 a5 26. Kf1 a4 27. Rxe8+ Rxe8 28. Be3 Nc2 29. c6 Nxe3+ 30. fxe3 Rc8 31. Bd5 a3 32. Rc1 Kf8 33. Ke2 Be5 34. g3 Ke7 35. Kd3 Kd6 36. e4 f6 37. Rc2 g5 38. g4 Kc7 39. h3 Rh8 40. Ra2 Bb2 41. e5 fxe5 42. Ke4 Rf8 0-1

[Event "BCF-chT3 1415 (4NCL)"]
[Site "England"]
[Date "2015.05.02"]
[Round "9.42"]
[White "Sloan, Hamish"]
[Black "Mirza, Gabriel"]
[Result "0-1"]
[WhiteElo "1552"]
[BlackElo "1772"]
[PlyCount "62"]
[EventDate "2015.03.21"]
[EventType "team-swiss"]
[EventRounds "11"]
[EventCountry "ENG"]
[SourceTitle "EXT 2016"]
[Source "ChessBase"]
[SourceDate "2015.10.08"]
[SourceVersion "1"]
[SourceVersionDate "2015.10.08"]
[SourceQuality "1"]
[WhiteTeam "The Pitstop"]
[BlackTeam "Midland Monarchs II"]
[WhiteTeamCountry "ENG"]
[BlackTeamCountry "ENG"]

1. e4 g6 2. d4 d6 3. Be3 Nf6 4. Nf3 Nxe4 5. Nbd2 Nf6 6. Nb3 Bg7 7. c3 b6 8. Be2 Bb7 9. h3 Nbd7 10. Qd2 Ne4 11. Qc2 0-0 12. 0-0-0 a5 13. Nbd2 Nef6 14. Rhg1 a4 15. a3 c6 16. g4 Nd5 17. Bg5 f6 18. Bh4 b5 19. Bg3 Bh6 20. Kb1 Nf4 21. Bf1 Rf7 22. Qe4 e5 23. Nh4 Nb6 24. Ndf3 c5 25. Qe1 exd4 26. cxd4 c4 27. Qd2 Be4+ 28. Ka1 Nbd5 29. Ne1 Qf8 30. f3 Nxh3 31. Qxh6 Qxh6 0-1

[Event "BCF-chT3 1415 (4NCL)"]
[Site "England"]
[Date "2015.03.21"]
[Round "7.72"]
[White "Sloan, Hamish"]
[Black "Karia, Kamlesh"]
[Result "0-1"]
[WhiteElo "1552"]
[BlackElo "1723"]
[PlyCount "144"]
[EventDate "2015.03.21"]
[EventType "team-swiss"]
[EventRounds "11"]
[EventCountry "ENG"]
[SourceTitle "EXT 2016"]
[Source "ChessBase"]
[SourceDate "2015.10.08"]
[SourceVersion "1"]
[SourceVersionDate "2015.10.08"]
[SourceQuality "1"]
[WhiteTeam "The Pitstop"]
[BlackTeam "Barnet Knights II"]
[WhiteTeamCountry "ENG"]
[BlackTeamCountry "ENG"]

1. e4 e5 2. Nf3 Nc6 3. Bb5 Nge7 4. d4 exd4 5. Nxd4 g6 6. Be3 Bg7 7. c3 0-0 8. 0-0 a6 9. Ba4 d6 10. Nd2 Ne5 11. h3 b5 12. Bc2 Bb7 13. f4 c5 14. N4f3 Nxf3+ 15. Nxf3 c4 16. Bd4 f6 17. Qd2 d5 18. e5 fxe5 19. Bxe5 Qb6+ 20. Kh2 Nf5 21. Bxg7 Kxg7 22. Bxf5 Rxf5 23. Qd4+ Qxd4 24. Nxd4 Rf6 25. Rae1 Kf7 26. g3 Re8 27. Rxe8 Kxe8 28. Re1+ Kd7 29. a3 Kd6 30. Kg2 Kd7 31. Kf3 Bc8 32. g4 h6 33. Re5 Bb7 34. h4 Rb6 35. f5 Rf6 36. Kf4 gxf5 37. Rxf5 Ke7 38. Ke5 Rg6 39. Kf4 Rf6 40. g5 hxg5+ 41. hxg5 Rg6 42. Re5+ Kf7 43. Kg4 Bc8+ 44. Kh5 Rd6 45. Nf5 Bxf5 46. Rxf5+ Kg7 47. Rf2 d4 48. cxd4 Rxd4 49. Re2 Rd7 50. Re6 a5 51. Rb6 b4 52. axb4 axb4 53. Rxb4 Rc7 54. Rb6 Kh7 55. Kg4 c3 56. bxc3 Rxc3 57. Kf4 Rc5 58. Rb7+ Kg6 59. Rb6+ Kg7 60. Kg4 Rc4+ 61. Kh5 Rc5 62. Rb7+ Kh8 63. Kh6 Kg8 64. g6 Rc8 65. Rf7 Rc6 66. Rg7+ Kh8 67. Ra7 Rc8 68. Kg5 Rb8 69. Kf6 Kg8 70. Rg7+ Kh8 71. Re7 Kg8 72. Rg7+ Kf8 0-1